Cien países, dos mil millones de seres (Record no. 168577)

MARC details
000 -LEADER
campo de control de longitud fija 00746nam a22002295i 4500
001 - NÚMERO DE CONTROL
campo de control 168577
003 - IDENTIFICADOR DE NÚMERO DE CONTROL
campo de control ES-MaACL
005 - FECHA Y HORA DE LA ÚLTIMA TRANSACCIÓN
campo de control 20230906213826.0
008 - DATOS DE LONGITUD FIJA--INFORMACIÓN GENERAL
campo de control de longitud fija 080421s1973 sp |||| | spa d
080 ## - NÚMERO DE LA CLASIFICACIÓN DECIMAL UNIVERSAL
Número de la Clasificación Decimal Universal 338(100-77)
080 ## - NÚMERO DE LA CLASIFICACIÓN DECIMAL UNIVERSAL
Número de la Clasificación Decimal Universal 308(100-77)
080 ## - NÚMERO DE LA CLASIFICACIÓN DECIMAL UNIVERSAL
Número de la Clasificación Decimal Universal 330.191.6
100 1# - ENTRADA PRINCIPAL--NOMBRE DE PERSONA
Nombre de persona McNamara, Robert S.
9 (RLIN) 137663
245 10 - MENCIÓN DEL TÍTULO
Título Cien países, dos mil millones de seres
Resto del título : la dimensión del desarrollo /
Mención de responsabilidad, etc. Robert S. McNamara.
260 ## - PUBLICACIÓN, DISTRIBUCIÓN, ETC.
Lugar de publicación, distribución, etc. Madrid :
Nombre del editor, distribuidor, etc. Tecnos,
Fecha de publicación, distribución, etc. [1973]
300 ## - DESCRIPCIÓN FÍSICA
Extensión 172 p. ;
Dimensiones 19 cm.
650 04 - PUNTO DE ACCESO ADICIONAL DE MATERIA--TÉRMINO DE MATERIA
Término de materia o nombre geográfico como elemento de entrada Países en desarrollo-
Subdivisión general Situación económica.
9 (RLIN) 169541
650 #4 - PUNTO DE ACCESO ADICIONAL DE MATERIA--TÉRMINO DE MATERIA
Término de materia o nombre geográfico como elemento de entrada Ayuda económica.
9 (RLIN) 137664
650 #4 - PUNTO DE ACCESO ADICIONAL DE MATERIA--TÉRMINO DE MATERIA
Término de materia o nombre geográfico como elemento de entrada Países en desarrollo-
Subdivisión general Situación social.
9 (RLIN) 224716
852 ## - LOCALIZACIÓN
Ubicación ES-MaACL
Número de control de estantería C-53016
itemnumber R.85678
Holdings
Estatus retirado Estado de pérdida Estado de daño No para préstamo Biblioteca de origen Biblioteca actual Ubicación en estantería Fecha de adquisición Fuente de adquisición Total de préstamos Signatura topográfica completa Código de barras Visto por última vez Precio de reemplazo Tipo de ítem Koha
        Biblioteca del Ateneo de Madrid Biblioteca del Ateneo de Madrid Depósito 2 21/04/2008     C-53016 1176903 23/02/2023 23/02/2023 Libro impreso